Cyclisme : Top 20 du Tour de Lombardie 2024 - Statistiques

Statistiques générales
  • Ce quiz a été pris 33 fois
  • Le résultat moyen est 10 sur 20
Statistiques - réponses
Position Equipe Coureur % Correct
1er UAE Team Emirates Tadej Pogacar
100%
2eme Soudal Quick Step Remco Evenepoel
92%
3eme Lidl Trek Giulio Ciccone
88%
5eme Movistar Team Enric Mas
83%
6eme UAE Team Emirates Pavel Sivakov
71%
9eme Groupama FDJ David Gaudu
63%
4eme Cofidis Ion Izagirre
54%
7eme Lotto Dstny Lennert Van Eetvelt
54%
13eme Tudor Pro Cycling Team Michael Storer
50%
8eme EF Education Easypost Neilson Powless
50%
14eme VF Group Bardiani CSF Giulio Pellizzari
46%
10eme Alpecin Deceuninck Xandro Meurisse
42%
12eme Lidl Trek Bauke Mollema
38%
11eme Red Bull Bora Hansgrohe Roger Adria
29%
18eme Astana Qazaqstan Team Lorenzo Fortunato
25%
15eme Ineos Grenadier Thymen Arensman
21%
20eme Jayco AlUla Filippo Zana
17%
16eme Movistar Team Nairo Quintana
17%
17eme EF Education Easypost Archie Ryan
13%
19eme Intermarché Wanty Georg Zimmermann
8%
Aucun quiz correspondant
Distribution des résultats
% des personnes avec chaque résultat
Percentile par nombre de réponses
Votre historique - résultats
Vous n’avez pas pris ce quiz